MARC

LEADER 00000nam0a2200000 4500
001 293973
005 20231102000639.0
020 |a RU  |b 84-15502 
035 |a (RuTPU)RU\TPU\book\319023 
090 |a 293973 
100 |a 20150507d1984 km y0rusy5003 ca 
101 0 |a rus 
102 |a UA 
105 |a a z 001zy 
200 1 |a Интеллектуальные терминалы  |f И. С. Еремеев, А. И. Кондалев 
210 |a Киев  |c Технiка  |d 1984 
215 |a 127 с.  |c ил. 
320 |a Библиогр.: с. 
606 1 |a Терминалы  |2 stltpush  |3 (RuTPU)RU\TPU\subj\59846  |9 77342 
610 1 |a интеллектуальные терминалы 
610 1 |a оборудование 
610 1 |a принципы 
610 1 |a построение 
610 1 |a обработка данных 
610 1 |a математические методы 
610 1 |a достоверность 
675 |a 681.324  |z rus  |v 3 
700 1 |a Еремеев  |b И. С.  |g Игорь Семенович  |4 070 
701 1 |a Кондалев  |b А. И.  |g Андрей Иванович  |4 070 
801 0 |a RU  |b RuMRKP  |c 19950704  |g psbo 
801 1 |a RU  |b 63413507  |c 20150507 
801 2 |a RU  |b 63413507  |c 20180503  |g RCR 
942 |c BK